[Event "BAN Walton 1st League"]
[Site "Dhaka"]
[Date "2018.11.01"]
[Round "8.2"]
[White "Nasiruddin, Apu"]
[Black "Gias Uddin, Ahmed"]
[Result "1-0"]
[WhiteElo "1860"]
[BlackElo "2003"]
[PlyCount "50"]
[EventDate "2018.10.25"]
[EventType "team-tourn"]
[EventRounds "11"]
[EventCountry "BAN"]
[SourceTitle "CBM 187 Extra"]
[Source "ChessBase"]
[SourceDate "2018.11.04"]
[SourceVersion "1"]
[SourceVersionDate "2018.11.04"]
[SourceQuality "1"]
[WhiteTeam "Debdas Biswas Smirity Sangsad"]
[BlackTeam "Leonine CC"]
[WhiteTeamCountry "BAN"]
[BlackTeamCountry "BAN"]

1. e4 d6 2. d4 Nf6 3. Nc3 c6 4. Nf3 e6 5. Bd3 h6 6. 0-0 d5 7. e5 Nfd7 8. Ne2 c5 9. c3 Nc6 10. Ng3 b6 11. Nh5 Bb7 12. Nf4 Ne7 13. Nh4 Qc7 14. Qh5 Qc6 15. Nh3 g6 16. Nxg6 fxg6 17. Bxg6+ Kd8 18. Bf7 Bg7 19. Nf4 Nf8 20. Qg4 Nf5 21. Nxe6+ Nxe6 22. Qxf5 Kd7 23. Qg6 Bf8 24. f4 cxd4 25. f5 Nd8 1-0

[Event "BAN Walton 1st League"]
[Site "Dhaka"]
[Date "2018.10.30"]
[Round "6.3"]
[White "Subrota, Biswas"]
[Black "Nasiruddin, Apu"]
[Result "1-0"]
[WhiteElo "2126"]
[BlackElo "1860"]
[PlyCount "45"]
[EventDate "2018.10.25"]
[EventType "team-tourn"]
[EventRounds "11"]
[EventCountry "BAN"]
[SourceTitle "CBM 187 Extra"]
[Source "ChessBase"]
[SourceDate "2018.11.04"]
[SourceVersion "1"]
[SourceVersionDate "2018.11.04"]
[SourceQuality "1"]
[WhiteTeam "Uttara Central CC"]
[BlackTeam "Debdas Biswas Smirity Sangsad"]
[WhiteTeamCountry "BAN"]
[BlackTeamCountry "BAN"]

1. e4 c5 2. Nf3 Nc6 3. d4 cxd4 4. Nxd4 Qc7 5. Be3 a6 6. Nc3 e6 7. Be2 Nf6 8. 0-0 Be7 9. f4 d6 10. Kh1 e5 11. Nf5 Bxf5 12. exf5 e4 13. g4 h6 14. Nd5 Nxd5 15. Qxd5 Nb4 16. Qb3 Nc6 17. Bb6 Qd7 18. Bc4 Bf6 19. Rae1 0-0 20. Rxe4 Rae8 21. Rfe1 Rxe4 22. Rxe4 Re8 23. Bxf7+ 1-0

[Event "Dhaka Powertec op-B"]
[Site "Dhaka"]
[Date "2017.07.19"]
[Round "5"]
[White "Nasiruddin, Apu"]
[Black "Khan, Mokaddesur Rahman"]
[Result "0-1"]
[WhiteElo "1905"]
[BlackElo "1983"]
[PlyCount "40"]
[EventDate "2017.07.15"]
[EventType "swiss"]
[EventRounds "9"]
[EventCountry "BAN"]
[SourceTitle "EXT 2018"]
[Source "ChessBase"]
[SourceDate "2017.10.13"]
[SourceVersion "1"]
[SourceVersionDate "2017.10.13"]
[SourceQuality "1"]

1. Nf3 Nf6 2. d4 g6 3. c4 Bg7 4. Nc3 0-0 5. e4 d6 6. h3 e5 7. d5 Nbd7 8. Bd3 a5 9. 0-0 Nc5 10. Be2 Bd7 11. Be3 b6 12. Qd2 Ne8 13. Bg5 Qc8 14. Be7 f5 15. Bxf8 Kxf8 16. Qg5 f4 17. a3 Nf6 18. b4 Ng8 19. Qh4 Bf6 20. Qxh7 Nb7 0-1

[Event "Dhaka SGS op"]
[Site "Dhaka"]
[Date "2017.06.04"]
[Round "2"]
[White "Abu Sufian, Sakil"]
[Black "Nasiruddin, Apu"]
[Result "1-0"]
[WhiteElo "2313"]
[BlackElo "1889"]
[PlyCount "59"]
[EventDate "2017.06.03"]
[EventType "swiss"]
[EventRounds "9"]
[EventCountry "BAN"]
[SourceTitle "EXT 2019"]
[Source "ChessBase"]
[SourceDate "2018.10.10"]
[SourceVersion "1"]
[SourceVersionDate "2018.10.10"]
[SourceQuality "1"]

1. c4 e6 2. g3 c6 3. Bg2 d5 4. Nf3 Nf6 5. 0-0 g6 6. b3 Be7 7. Bb2 0-0 8. d3 Nbd7 9. Nbd2 Re8 10. Qc2 Bf8 11. Ne5 Bg7 12. Nxd7 Bxd7 13. Nf3 Rc8 14. e4 dxe4 15. dxe4 c5 16. Rad1 Qe7 17. e5 Ng4 18. Qe4 h5 19. Qxb7 Bc6 20. Qxe7 Rxe7 21. Rfe1 Kf8 22. Ng5 Ke8 23. h3 Nh6 24. Bxc6+ Rxc6 25. Ne4 Rd7 26. Rxd7 Kxd7 27. Rd1+ Ke7 28. Nxc5 Ke8 29. Nb7 f5 30. exf6 1-0